000 00553nmm a2200205 a 4500
003 AR-BaBNM
005 20251128210803.0
008 286020s1990 ||||||||||||||000 | spa||
040 _cAR-BaBNM
245 1 0 _aHomenaje a Rosario Vera PeƱaloza
_bla maestra de la Patria
260 _aBuenos Aires
_b[Ministerio de Educación y Justicia]
_c1990
300 0 _a52 p.
650 4 _aHISTORIA DE LA EDUCACION
650 4 _aDOCENTES MUJERES
650 4 _aDISCURSOS
651 4 _aArgentina
653 0 _aPEDAGOGOS
942 _cBK
998 _cme-solo cat
999 _c16903
_d16903